Más allá del bien y del mal
Guardat en:
| Autor principal: | |
|---|---|
| Format: | Llibre |
| Idioma: | Undetermined |
| Publicat: |
Madrid, España
Ediciones Orbis
1983
|
| Matèries: | |
| Etiquetes: |
Afegir etiqueta
Sense etiquetes, Sigues el primer a etiquetar aquest registre!
|
MARC
| LEADER | 00000nam a2200000Ia 4500 | ||
|---|---|---|---|
| 008 | 170316s9999 xx 000 0 und d | ||
| 090 | |a 100 N-6ma | ||
| 100 | |a Nietzsche, Friedrich | ||
| 245 | |a Más allá del bien y del mal | ||
| 260 | |a Madrid, España | ||
| 260 | |b Ediciones Orbis | ||
| 260 | |c 1983 | ||
| 300 | |a 287 páginas | ||
| 650 | |a FILOSOFÍA | ||
| 650 | |a LOS FILÓSOFOS - PREJUICIOS | ||
| 650 | |a LA MORAL | ||
| 650 | |a VIRTUDES | ||
| 040 | |a cru BVZT | ||
| 942 | 0 | 0 | |0 1 |
| 999 | |c 17178 |d 17178 | ||
